| 000 | 00786nam a2200265 a 4500 | ||
|---|---|---|---|
| 001 | 25075 | ||
| 003 | CO-ViMGA | ||
| 008 | 141112s2004 ck r 000 u spa d | ||
| 015 | _ack - 2010 - xxxx | ||
| 020 | _a9789588294759 | ||
| 040 |
_aCO-ViMGA _bspa _cCO-ViMGA |
||
| 082 | 0 | 4 | _aCo864.44 C74m |
| 100 | 1 |
_aColón Calado, Carlos _938198 |
|
| 245 | 1 | 0 |
_aMariestrellas / _cCarlos Colón Calado |
| 250 | _a1a. ed. | ||
| 260 |
_aBarcelona, _cBogotá : Ediciones B, _c2010 |
||
| 300 | _a75 p. ; 21 cm. | ||
| 490 | _aIguana | ||
| 500 | _aIncluye datos biográficos del autor | ||
| 598 | _aNEW - GRAL | ||
| 650 | 1 | 4 |
_aCuentos infantiles colombianos - Siglo XXI _938199 |
| 650 | 1 | 4 |
_aLiteratura juvenil _9314 |
| 942 |
_2ddc _cBK |
||
| 990 | _aEdiciones B 2 ej. 21 09/03/2011 n a755802 | ||
| 999 |
_c32710 _d32710 |
||